00719nam a2200181Ia 450000500170000000800410001702000180005808200210007610000550009724500210015226000380017330000120021140000420022365000210026594200070028699900190029395202250031220250227173929.0231217s9999 xx 000 0 und d a9780824705442 a615.7 KAL;1 R aKalow, Werner ed. Meyer, Urs A. Tyndale, Rachel F. 0aPharmacogenomics c2001bMarcel Dekker IncaNew York axi, 403 aDrugs and the pharmaceutical sciences aPharmacogenomics cAA c193348d193348 r2024-01-26 00:00:00l0o615.7 KAL;1 Rp80342W25udigital/contents/80342.pdfv1496.25w2024-01-26yAA1040708CL00KBR-329L19/04/2017aMLbMLcCLd2012-01-24eRoyal Bibliomang1995.00EBT/PGGRSF1V498.75URupees